Indycar drivers by nation (2007- now) - Statistics

General Stats
  • This quiz has been taken 67 times
    40 since last reset
  • The average score is 70 of 168
Answer Stats
Nationality Years active Driver % Correct
spain 2020-now Álex Palou
93%
brazil 2001-now Helio Castroneves
86%
colombia 2000, 2014-2017, 2021-2022 Juan Pablo Montoya
86%
new zealand 2003-now Scott dixon
86%
japan 2010-now Takuma Sato
86%
australia 2008-now Will power
86%
america 2005-2011, 2018 Danica Patrick
79%
sweden 2019-now Felix Rosenqvist
79%
america 2012-now Josef Newgarden
79%
sweden 2019-now Marcus Ericsson
79%
netherlands 2020-now Rinus Veekay
79%
france 2021-2024 Romain Grosjean
79%
denmark 2021-now Christian Lundgaard
71%
america 2018-now Colton herta
71%
uk/caymania 2024-now Kyffin Simpson
71%
mexico 2018-now Pato O'ward
71%
Israel 2025-now Robert Shwartzman
71%
france 2005, 2011-2021 Sebastien Bourdais
71%
brazil 2002-2023 Tony Kanaan
71%
argentina 2023-2024 Agustin Canapino
64%
america 2016-now Alexander Rossi
64%
uk 2002-2007, (2008), 2009-2013 Dario Franchitti
64%
america 2003-now Ed Carpenter
64%
canada 2011-2021 James Hinchcliffe
64%
america 2007-2011 John Andretti
64%
estonia 2023. Jüri Vips
64%
denmark 2021. Kevin Magnussen
64%
america 2006-now Marco Andretti
64%
new zealand 2023-now Marcus Armstrong
64%
america 2001-2003, 2006-2007 Michael Andretti
64%
spain (2002), 2008-2009, 2011-2019 Oriol Servia
64%
brazil 2018, 2021, 2024 Pietro Fittipaldi
64%
america 2007-now Ryan Hunter-Reay
64%
new zealand 2020-now Scott Mclaughlin
64%
switzerland 2010-2013, 2015, 2021-2022 Simona de Silvestro
64%
france 2011-2023 Simon Pagenaud
64%
america 1996-2008, (2009), 2013-2014, (2015), 2016-2017 Buddy Lazier
57%
denmark 2024-now Christian Rasmussen
57%
america 2013-now Conor Daly
57%
canada 2022-2023, 2025-now Devlin Defrancesco
57%
america 1999-2007, 2009, (2010) Jaques Lazier
57%
mexico 2017. Esteban Gutierrez
57%
spain 2017, (2019), 2020 Fernando Alonso
57%
america 2008-now Graham Rahal
57%
uk 2008-2015 Justin Wilson
57%
sweden 2023-2024 Linus Lundqvist
57%
uk 2011, 2013-2017, (2018), 2019 Pippa Mann
57%
uk 2013, 2016, 2018, 2021-2022, (2023) Stefan Wilson
57%
brazil 2010-2013 Ana Beatriz
50%
uk 2021-now Callum Ilott
50%
colombia 2013-2018 Carlos Munoz
50%
uk 2002-2011 Dan Wheldon
50%
america 2022-2023, 2025-now David Malukas
50%
uk 2017-2021 Ed Jones
50%
colombia 2015-2018 Gabby Chaves
50%
uk 2017-now Jack Harvey
50%
canada 2014. Jacques Villeneuve
50%
australia 2013-2015, 2017-2020 James Davison
50%
uk 2012-2013, 2023-2024 Katherine Legge
50%
america 2014. Kurt Busch
50%
america 2024-now Kyle larson
50%
uk 2025-now Louis Foster
50%
uk 2016-2021 Max Chilton
50%
uk 2009-2014 Mike Conway
50%
russia 2014-2017 Mikhail Aleshin
50%
america 2024-now Nolan Siegel
50%
canada 2002, 2008-2011 Paul Tracy
50%
brazil 2012. Rubens Barrichello
50%
america 2018-now Santino Ferrucci
50%
monaco 2015. Stefano Coletti
50%
america 2003-2009, (2010) A.J. Foyt IV
43%
canada 2008-2016 Alex Tagliani
43%
colombia 2014-2015 Carlos Huertas
43%
america 2011-2021 Charlie Kimball
43%
uk 2008, 2010-2011, 2017-2018 Jay Howard
43%
america 2025-now Jacob Abel
43%
america 2021-2022 Jimmie Johnson
43%
america 2022-now Kyle Kirkwood
43%
italy 2024 Luca Ghiotto
43%
america 2020-2021 Oliver Askew
43%
netherlands 2010. Robert Doornbos
43%
australia 2005-2015 Ryan Briscoe
43%
america 2000-2007 Sam Hornish jr.
43%
colombia 2010-2015, 2017 Sebastian Saavedra
43%
america 2017-2020 Spencer Pigot
43%
america 2023-now Sting Ray Robb
43%
south africa 2002-2011 Tomas Scheckter
43%
france 2013, 2015, 2017, 2024 Tristan Vautier
43%
canada 2017-2018 Zachary Claman de Melo
43%
america 2000-2004, 2006-2007 AL Unser jr.
36%
denmark 2023. Benjamin Pedersen
36%
belgium 2010-2011 Bertrand Baguette
36%
america 2021. Cody Ware
36%
canada 2020-2022 Dalton Kellett
36%
america 1996-2001, 2007-2011 Davey Hamilton
36%
japan 2007-2011 Hideki Mutoh
36%
new zealand 2024 Hunter McElrea
36%
uk 2014-2016 Jack Hawksworth
36%
uk 2011-2013, 2015 James Jakes
36%
america 2010-2022 JR Hildebrand
36%
mexico 1996-1997, 2012, (2013) Michel Jourdain jr.
36%
venezuela 2007-2010 Milka Duno
36%
america 2016, 2019, 2021, 2023 RC Enerson
36%
austria 2018. Rene Binder
36%
colombia 2015. Rodolfo Gonzalez
36%
america 2014-2022 Sage Karam
36%
colombia 2022. Tatiana Calderon
36%
france 2024 Théo Pourchaire
36%
uk 2024 Toby Sowery
36%
america 2004-2016 Townsend Bell
36%
america 2017-2020 Zach Veach
36%
america 2013. AJ Allmendinger
29%
mexico 2018. Alfonso Celis jr.
29%
uk 2019-2020 Ben Hanley
29%
brazil 2001-2002, 2004-2005, 2008, (2009), 2010-2012 Bruno Junqueira
29%
america 2012, 2015-2016 Bryan Clauson
29%
america 2002-2008, 2011 Buddy Rice
29%
brazil 2018-2019 Matheus Leist
29%
venezuela 2008-2013 E.J. Viso
29%
italy 2005, 2011-2012 Giorgio Pantano
29%
china 2011. Ho-Pin Tung
29%
france 2012. Jean Alesi
29%
uk 2018-2019 Jordan King
29%
italy 2013-2016 Luca Filippi
29%
australia 2016. Matt Brabham
29%
brazil 1999, 2006-2008 Roberto Moreno
29%
canada 2018. Robert Wickens
29%
america 1999-2010 Sarah Fisher
29%
uk 2023-2024 Tom Blomqvist
29%
america 2001-2005, 2007 Alex Barron
21%
america 2024 Colin Braun
21%
italy 2010, 2015 Francesco Dracone
21%
america 2000-2002, (2006), 2007 Jon Herb
21%
america 2018-2019 Kyle Kaiser
21%
germany 2013. Lucas Luhr
21%
uk 2011, 2014 Martin Plowman
21%
brazil 2009-2011 Raphael Matos
21%
america 1996-1997, 2001-2005, 2007 Richie Hearn
21%
japan 2003-2010 Roger Yasukawa
21%
america 2021. Ryan Norman
21%
america 1996-2007, 2009 Scott Sharp
21%
brazil 2002-2011 Vitor Meira
21%
uk 2008-2011 Alex Lloyd
14%
uk 2004-2009 Darren Manning
14%
brazil 2008. Enrique Bernoldi
14%
france 2008-2009, 2014 Franck Montagny
14%
france 2008. Franck Perera
14%
brazil 2008. Jaime Camara
14%
america 2000-2003, (2008) Jimmy Vasser
14%
japan 2004-2007, 2009 Kosuke Matsuura
14%
brazil 2008-2010 Mario Moraes
14%
brazil 2010. Mario Romancini
14%
france (2008), 2009 Nelson Philippe
14%
new zealand 2011-2012 Wade Cunningham
14%
uk 2010. Adam Carroll
7%
america (2008). Alex Figge
7%
brazil (2008). Antonio Pizzonia
7%
mexico (2008). David Martinez
7%
uk 2011. Dillon Battistini
7%
america 2004, 2006-2008 Jeff Simmons
7%
brazil 2011. Joao Paulo de Oliveira
7%
finland (2008). Juho Annala
7%
canada 2004-2008 Marty Roth
7%
america 2007, (2008) Phil Giebler
7%
america 2006-2007 P.j. Chesson
7%
america 2009. Richard Antinucci
7%
america 2009. Stanton Barrett
7%
mexico 2008. Mario Dominquez
0%
No matching quizzes found
Score Distribution
Percent of People with Each Score
Percentile by Number Answered
Your Score History
You have not taken this quiz since the last reset